000 00347nam a2200157Ia 4500
003 0STCL
008 150530s9999 xx 000 0 und d
040 _aSTCL
_cSTCL
100 _aSteuart King, H.; EdEd
245 _aNine short stories
260 _c1983
546 _aEnglish
942 _2ddc
_cBK
999 _c45436
_d45436
005 20220125170650.0